[Event "Chania Theodorakis Memorial 2nd"]
[Site "Chania"]
[Date "2023.04.18"]
[Round "3"]
[White "Postny, Evgeny"]
[Black "Karousos Theodorakis, Nikolaos"]
[Result "1-0"]
[WhiteElo "2548"]
[BlackElo "2225"]
[PlyCount "81"]
[EventDate "2023.04.17"]
[EventType "swiss"]
[EventRounds "9"]
[EventCountry "GRE"]
[SourceTitle "EXT 2024"]
[Source "ChessBase"]
[SourceDate "2023.10.10"]
[SourceVersion "1"]
[SourceVersionDate "2023.10.10"]
[SourceQuality "1"]

1. d4 Nf6 2. c4 g6 3. Nc3 Bg7 4. e4 d6 5. Be2 0-0 6. Be3 e5 7. d5 a5 8. h4 Na6 9. h5 Nc5 10. Qc2 Ng4 11. Bxg4 Bxg4 12. f3 Bd7 13. hxg6 fxg6 14. 0-0-0 Bf6 15. Kb1 Bg5 16. Bf2 Rf7 17. Nge2 a4 18. Nc1 b6 19. Nd3 Qc8 20. Nb4 Na6 21. Nxa6 Qxa6 22. Qd3 Rd8 23. Rhe1 Qb7 24. Re2 Kg7 25. Rc2 Ra8 26. Nb5 Qc8 27. Rc3 Be8 28. Ra3 Qd8 29. Qc2 Bh4 30. Be3 Bg3 31. Rxa4 Rxa4 32. Qxa4 Qh4 33. Qc2 g5 34. Qc1 Qh2 35. Bxg5 Qxg2 36. Bh4 Bh2 37. Rd2 Qxf3 38. Nc3 Bf4 39. Qg1+ Kh6 40. Rh2 Qh5 41. Bg3 1-0

[Event "Athens NTUA-ch 7th"]
[Site "Athens"]
[Date "2022.11.25"]
[Round "?"]
[White "Korniotis, Filippos"]
[Black "Karousos Theodorakis, Nikolaos"]
[Result "1/2-1/2"]
[WhiteElo "2106"]
[BlackElo "2256"]
[PlyCount "47"]
[EventDate "2022.11.08"]
[EventType "swiss"]
[EventRounds "4"]
[EventCountry "GRE"]
[SourceTitle "EXT 2024"]
[Source "ChessBase"]
[SourceDate "2023.10.10"]
[SourceVersion "1"]
[SourceVersionDate "2023.10.10"]
[SourceQuality "1"]

1. e4 e5 2. Nf3 Nf6 3. Nxe5 d6 4. Nf3 Nxe4 5. Qe2 Qe7 6. d3 Nf6 7. Nc3 Qxe2+ 8. Bxe2 c6 9. Ne4 Nbd7 10. Bg5 Be7 11. Nxf6+ Bxf6 12. Bxf6 Nxf6 13. 0-0-0 Bg4 14. Nd4 Bxe2 15. Rhe1 Kd7 16. Rxe2 Rhe8 17. Rde1 g6 18. Rxe8 Rxe8 19. Rxe8 Nxe8 20. Kd2 Nc7 21. h4 h5 22. g3 Ne6 23. Nxe6 Kxe6 24. Ke3 1/2-1/2

[Event "GRE-chT 48th"]
[Site "Athens"]
[Date "2021.09.10"]
[Round "5.3"]
[White "Karousos Theodorakis, Nikolaos"]
[Black "Dimopoulos, Dimitrios1"]
[Result "1-0"]
[WhiteElo "2259"]
[BlackElo "1621"]
[PlyCount "75"]
[EventDate "2021.09.07"]
[EventType "team-swiss"]
[EventRounds "7"]
[EventCountry "GRE"]
[SourceTitle "CBM 204 Extra"]
[Source "ChessBase"]
[SourceDate "2021.11.30"]
[SourceVersion "1"]
[SourceVersionDate "2021.11.30"]
[SourceQuality "1"]
[WhiteTeam "Epyk Irakliou Attykis"]
[BlackTeam "Ames Neas Erythreas"]
[WhiteTeamCountry "GRE"]
[BlackTeamCountry "GRE"]

1. e4 c6 2. Nf3 d5 3. d3 Bg4 4. Be2 dxe4 5. dxe4 Qxd1+ 6. Kxd1 Nd7 7. Nfd2 Bxe2+ 8. Kxe2 e5 9. a4 a5 10. Nc4 Ngf6 11. f3 Be7 12. Nbd2 0-0 13. Nb3 Bd8 14. Rd1 Bc7 15. Bg5 b6 16. Rd2 h6 17. Bh4 Rfd8 18. Rad1 g5 19. Bg3 Kf8 20. Nxe5 Nxe5 21. Rxd8+ Rxd8 22. Rxd8+ Bxd8 23. Bxe5 Nd7 24. Bd6+ Kg7 25. Nd4 Bf6 26. c3 Be5 27. Bxe5+ Nxe5 28. g3 c5 29. Nf5+ Kg6 30. f4 gxf4 31. gxf4 Ng4 32. h3 Nf6 33. Kf3 Nd7 34. Ne7+ Kf6 35. Nd5+ Ke6 36. Ne3 Kf6 37. e5+ Kg6 38. Ke4 1-0

[Event "Balkan-ch U18"]
[Site "Tornelo INT"]
[Date "2020.11.01"]
[Round "5"]
[White "Karousos Theodorakis, Nikolaos"]
[Black "Miletic, Vuk"]
[Result "1-0"]
[WhiteElo "2089"]
[BlackElo "2102"]
[PlyCount "145"]
[EventDate "2020.10.31"]
[EventType "swiss"]
[EventRounds "7"]
[EventCountry "NET"]
[SourceTitle "EXT 2023"]
[Source "ChessBase"]
[SourceDate "2022.10.05"]
[SourceVersion "1"]
[SourceVersionDate "2022.10.05"]
[SourceQuality "1"]

1. e4 c5 2. Nf3 g6 3. c4 Nc6 4. d4 cxd4 5. Nxd4 Nf6 6. Nc3 Nxd4 7. Qxd4 d6 8. f3 Bg7 9. Be3 0-0 10. Qd2 Be6 11. Be2 Qa5 12. Nd5 Qxd2+ 13. Kxd2 Bxd5 14. cxd5 Rfc8 15. Rac1 a6 16. Rxc8+ Rxc8 17. Rc1 Rxc1 18. Kxc1 Kf8 19. Kc2 e6 20. Bf4 Ke7 21. dxe6 fxe6 22. e5 dxe5 23. Bxe5 Ne8 24. Bxg7 Nxg7 25. Bd3 e5 26. Be4 b6 27. b4 Kd6 28. Kc3 Ne6 29. Bb7 a5 30. bxa5 bxa5 31. Kc4 Nd4 32. Be4 Ne2 33. a4 Nd4 34. g4 g5 35. Ba8 h6 36. Be4 Ke7 37. Kc5 Ke6 38. Kb6 Nb3 39. Bc2 Nd4 40. Bd1 Kd5 41. Kxa5 Kc5 42. Ka6 Nc6 43. Kb7 Na5+ 44. Kc7 Nc4 45. Be2 Na5 46. Kd7 Kd5 47. Ke7 e4 48. fxe4+ Kxe4 49. Kf6 Ke3 50. Bb5 Kf3 51. Bd7 Nc4 52. Kg7 Nb6 53. Bc6+ Kxg4 54. a5 Nc8 55. Kxh6 Na7 56. Bd7+ Kf4 57. h3 Ke5 58. Kxg5 Kd6 59. Be8 Ke7 60. Ba4 Kf7 61. a6 Nc8 62. h4 Kg7 63. h5 Kh7 64. Bd7 Nb6 65. Bf5+ Kg7 66. h6+ Kh8 67. a7 Kg8 68. Kf6 Na8 69. Be4 Nb6 70. Ke6 Kh8 71. Bb7 Kh7 72. Kd6 Nc4+ 73. Kc5 1-0

[Event "Balkan-ch U18"]
[Site "Tornelo INT"]
[Date "2020.10.31"]
[Round "3"]
[White "Karousos Theodorakis, Nikolaos"]
[Black "Gavrilescu, David"]
[Result "0-1"]
[WhiteElo "2089"]
[BlackElo "2398"]
[PlyCount "104"]
[EventDate "2020.10.31"]
[EventType "swiss"]
[EventRounds "7"]
[EventCountry "NET"]
[SourceTitle "EXT 2023"]
[Source "ChessBase"]
[SourceDate "2022.10.05"]
[SourceVersion "1"]
[SourceVersionDate "2022.10.05"]
[SourceQuality "1"]

1. e4 c5 2. Nf3 a6 3. c4 e6 4. Nc3 Qc7 5. d4 cxd4 6. Nxd4 Nf6 7. Be2 b6 8. 0-0 Bb7 9. Qd3 d6 10. f4 Nbd7 11. b4 Be7 12. Be3 0-0 13. a3 Rac8 14. Rac1 Rfd8 15. Nb3 Qb8 16. Nd2 Qa8 17. Bf3 g6 18. g4 b5 19. cxb5 d5 20. e5 Ne4 21. Bd4 axb5 22. Ncxe4 dxe4 23. Bxe4 Bxe4 24. Nxe4 Rxc1 25. Rxc1 Nb6 26. Qf3 Rxd4 27. Nf6+ Bxf6 28. Qxa8+ Nxa8 29. exf6 Nb6 30. Rc5 Rxf4 31. Rxb5 Rxg4+ 32. Kf2 Nd7 33. a4 Nxf6 34. a5 Rc4 35. a6 Rc2+ 36. Kf3 Ra2 37. Rb8+ Kg7 38. b5 Nd5 39. Rc8 Nb4 40. Ra8 Nxa6 41. Rxa6 Rxh2 42. Rb6 Rb2 43. Rb7 h5 44. Kf4 h4 45. Kg4 Rb4+ 46. Kh3 g5 47. b6 Kg6 48. Rb8 Kf5 49. b7 Rb3+ 50. Kh2 g4 51. Kg2 Rb2+ 52. Kg1 h3 0-1

[Event "Balkan-ch U18"]
[Site "Tornelo INT"]
[Date "2020.10.31"]
[Round "2"]
[White "Karousos Theodorakis, Nikolaos"]
[Black "Vlachos, Anatole"]
[Result "1-0"]
[WhiteElo "2089"]
[BlackElo "2333"]
[PlyCount "49"]
[EventDate "2020.10.31"]
[EventType "swiss"]
[EventRounds "7"]
[EventCountry "NET"]
[SourceTitle "EXT 2023"]
[Source "ChessBase"]
[SourceDate "2022.10.05"]
[SourceVersion "1"]
[SourceVersionDate "2022.10.05"]
[SourceQuality "1"]

1. e4 c5 2. Nf3 Nc6 3. Bb5 d6 4. Bxc6+ bxc6 5. e5 Bg4 6. h3 Bh5 7. Nc3 f6 8. exd6 exd6 9. 0-0 g5 10. Re1+ Ne7 11. d4 cxd4 12. Qxd4 Bg7 13. Nxg5 c5 14. Qa4+ Qd7 15. Ne6 Qxa4 16. Nxg7+ Kf7 17. Nxa4 Bg6 18. Ne6 Bxc2 19. Nc3 Rhg8 20. Bf4 Bf5 21. Nc7 Rad8 22. N7d5 Nxd5 23. Nxd5 Bxh3 24. Re7+ Kf8 25. Bh6+ 1-0

[Event "GRE-chT 47th"]
[Site "Patras"]
[Date "2019.07.06"]
[Round "7.5"]
[White "Giannoulakis, Labros"]
[Black "Karousos Theodorakis, Nikolaos"]
[Result "1/2-1/2"]
[WhiteElo "2305"]
[BlackElo "2304"]
[PlyCount "59"]
[EventDate "2019.07.02"]
[EventType "team-swiss"]
[EventRounds "7"]
[EventCountry "GRE"]
[SourceTitle "CBM 191 Extra"]
[Source "ChessBase"]
[SourceDate "2019.09.30"]
[SourceVersion "1"]
[SourceVersionDate "2019.09.30"]
[SourceQuality "1"]
[WhiteTeam "Neapolis Sykeon"]
[BlackTeam "Chania OA"]
[WhiteTeamCountry "GRE"]
[BlackTeamCountry "GRE"]

1. d4 Nf6 2. c4 e6 3. Nc3 Bb4 4. f3 c5 5. a3 Ba5 6. dxc5 Bxc3+ 7. bxc3 Qa5 8. e4 Na6 9. Be3 Nxc5 10. Ne2 0-0 11. Qb1 d6 12. Qb5 Qc7 13. Nd4 Bd7 14. Qb4 a5 15. Qb2 d5 16. Nb5 Bxb5 17. Qxb5 Rac8 18. Bxc5 Qxc5 19. Qxc5 Rxc5 20. Rb1 Rb8 21. exd5 exd5 22. Rb5 b6 23. Kd2 Kf8 24. Be2 Rxb5 25. cxb5 Ke7 26. c4 Kd6 27. cxd5 Rc8 28. Bd3 Nxd5 29. Be4 Rc5 30. a4 1/2-1/2

[Event "GRE-chT 47th"]
[Site "Patras"]
[Date "2019.07.03"]
[Round "2.3"]
[White "Karousos Theodorakis, Nikolaos"]
[Black "Trimitzios, Petros"]
[Result "0-1"]
[WhiteElo "2304"]
[BlackElo "2285"]
[PlyCount "80"]
[EventDate "2019.07.02"]
[EventType "team-swiss"]
[EventRounds "7"]
[EventCountry "GRE"]
[SourceTitle "CBM 191 Extra"]
[Source "ChessBase"]
[SourceDate "2019.09.30"]
[SourceVersion "1"]
[SourceVersionDate "2019.09.30"]
[SourceQuality "1"]
[WhiteTeam "Chania OA"]
[BlackTeam "Triandrias OF"]
[WhiteTeamCountry "GRE"]
[BlackTeamCountry "GRE"]

1. e4 e5 2. Nf3 Nc6 3. Bb5 a6 4. Ba4 Nf6 5. d3 d6 6. c3 Be7 7. Nbd2 0-0 8. 0-0 b5 9. Bc2 d5 10. h3 dxe4 11. dxe4 h6 12. Nb3 Be6 13. Be3 Nd7 14. Nfd2 Bg5 15. Qf3 Qe7 16. Rfd1 a5 17. a4 bxa4 18. Rxa4 Bxe3 19. Qxe3 Nb6 20. Raa1 Rfd8 21. Qc5 Qd6 22. Nf1 Qxc5 23. Nxc5 Rxd1 24. Bxd1 Kf8 25. Ne3 Ke7 26. Bf3 Nd7 27. Nd3 Nb6 28. Nd5+ Kd6 29. Rd1 Bxd5 30. exd5 Nd8 31. b3 f5 32. c4 Nd7 33. Bh5 e4 34. Nf4 Nc5 35. Bg6 Nxb3 36. Nh5 a4 37. Nxg7 Ke5 38. d6 c6 39. Nxf5 Kf6 40. Ne7 a3 0-1

[Event "Heraklion Capablanca Memorial 6th"]
[Site "Heraklion"]
[Date "2019.04.30"]
[Round "2"]
[White "Karousos Theodorakis, Nikolaos"]
[Black "Kelires, Andreas"]
[Result "1/2-1/2"]
[WhiteElo "2280"]
[BlackElo "2508"]
[PlyCount "70"]
[EventDate "2019.04.29"]
[EventType "tourn"]
[EventRounds "9"]
[EventCountry "GRE"]
[EventCategory "7"]
[SourceTitle "CBM 190 Extra"]
[Source "ChessBase"]
[SourceDate "2019.07.15"]
[SourceVersion "1"]
[SourceVersionDate "2019.07.15"]
[SourceQuality "1"]

1. e4 e5 2. Nc3 Nc6 3. g3 Bc5 4. Bg2 d6 5. Nge2 Nge7 6. Na4 h5 7. h4 a6 8. Nxc5 dxc5 9. d3 Qd6 10. Be3 Be6 11. Qd2 0-0-0 12. b3 f6 13. f4 Nd4 14. fxe5 fxe5 15. 0-0 Ng8 16. Bg5 Re8 17. Nxd4 cxd4 18. Kh2 Nh6 19. Bxh6 Rxh6 20. Qg5 Bg4 21. Bh3 Bxh3 22. Kxh3 Qd7+ 23. Kg2 Rc6 24. Rac1 g6 25. Rf6 Rxf6 26. Qxf6 Re6 27. Qf8+ Re8 28. Qf6 Re6 29. Qf8+ Qd8 30. Qxd8+ Kxd8 31. Kf3 Kd7 32. Ke2 Rc6 33. Kd2 Rf6 34. Ke2 Rc6 35. Kd2 Rf6 1/2-1/2

[Event "Anogia op 7th"]
[Site "Anogia"]
[Date "2018.08.22"]
[Round "7"]
[White "Kokolias, Konstantinos"]
[Black "Karousos Theodorakis, Nikolaos"]
[Result "0-1"]
[WhiteElo "2104"]
[BlackElo "2230"]
[PlyCount "68"]
[EventDate "2018.08.17"]
[EventType "swiss"]
[EventRounds "9"]
[EventCountry "GRE"]
[SourceTitle "CBM 186 Extra"]
[Source "ChessBase"]
[SourceDate "2018.08.24"]
[SourceVersion "1"]
[SourceVersionDate "2018.08.24"]
[SourceQuality "1"]

1. e4 c5 2. Nf3 d6 3. d4 cxd4 4. Nxd4 Nf6 5. Nc3 a6 6. Be3 e5 7. Nb3 Be6 8. f3 Be7 9. Qd2 0-0 10. 0-0-0 Nbd7 11. g4 b5 12. g5 Nh5 13. Nd5 Bxd5 14. exd5 Qe8 15. Rg1 Bd8 16. Qb4 Qe7 17. Qg4 g6 18. Nd2 f5 19. gxf6 Ndxf6 20. Qh4 Nxd5 21. Bg5 Qa7 22. Qe4 Nhf6 23. Bxf6 Nxf6 24. Qc6 Bb6 25. Rg2 Bc5 26. Ne4 Nxe4 27. fxe4 Qf7 28. a4 Qa2 29. Qd5+ Qxd5 30. exd5 bxa4 31. Rg4 a3 32. b4 Bd4 33. Kb1 Rab8 34. Ka2 Rxb4 0-1

[Event "Athens Iraklion op 21st"]
[Site "Athens"]
[Date "2018.06.23"]
[Round "8"]
[White "Kourkoulos Arditis, Stamatis"]
[Black "Karousos Theodorakis, Nikolaos"]
[Result "1/2-1/2"]
[WhiteElo "2426"]
[BlackElo "2205"]
[PlyCount "103"]
[EventDate "2018.06.16"]
[EventType "swiss"]
[EventRounds "9"]
[EventCountry "GRE"]
[SourceTitle "CBM 185 Extra"]
[Source "ChessBase"]
[SourceDate "2018.07.29"]
[SourceVersion "1"]
[SourceVersionDate "2018.07.29"]
[SourceQuality "1"]

1. e4 c5 2. Nf3 d6 3. d4 cxd4 4. Nxd4 Nf6 5. Nc3 a6 6. Be2 e5 7. Nb3 Be7 8. Be3 Be6 9. Nd5 Nbd7 10. Qd3 0-0 11. c4 Rc8 12. 0-0 Nc5 13. Nxc5 dxc5 14. b3 Bxd5 15. cxd5 b5 16. Rfc1 Qc7 17. a4 Rfd8 18. f3 Rb8 19. axb5 axb5 20. Ra6 Qb7 21. Ra5 c4 22. bxc4 bxc4 23. Rxc4 Qb1+ 24. Qxb1 Rxb1+ 25. Kf2 Bb4 26. Rxb4 Rxb4 27. d6 Rbb8 28. Rxe5 Rxd6 29. Ra5 Rdd8 30. e5 Rd5 31. Ra7 Rxe5 32. Bf4 Rxe2+ 33. Kxe2 Re8+ 34. Kf2 h6 35. g4 Nd5 36. Bd2 Re7 37. Ra8+ Kh7 38. Rd8 Nf6 39. Bc3 Rc7 40. Bd4 Nd7 41. f4 Nc5 42. f5 Rd7 43. Rxd7 Nxd7 44. Kf3 f6 45. h4 Kg8 46. Ke4 Kf7 47. Kd5 Nf8 48. Be3 Nh7 49. Kd6 Nf8 50. Kd5 Nh7 51. Bc5 Nf8 52. Be3 1/2-1/2

[Event "Thessaloniki White Tower op 40th"]
[Site "Thessaloniki"]
[Date "2018.01.06"]
[Round "6"]
[White "Kourkoulos Arditis, Stamatis"]
[Black "Karousos Theodorakis, Nikolaos"]
[Result "1-0"]
[WhiteElo "2375"]
[BlackElo "2233"]
[PlyCount "153"]
[EventDate "2018.01.02"]
[EventType "swiss"]
[EventRounds "9"]
[EventCountry "GRE"]
[SourceTitle "CBM 182 Extra"]
[Source "ChessBase"]
[SourceDate "2018.02.23"]
[SourceVersion "1"]
[SourceVersionDate "2018.02.23"]
[SourceQuality "1"]

1. Nf3 Nf6 2. c4 g6 3. g3 Bg7 4. Bg2 0-0 5. d4 d5 6. 0-0 Nc6 7. cxd5 Nxd5 8. e4 Nb6 9. d5 Na5 10. Qe2 c6 11. dxc6 Nxc6 12. Rd1 Qc7 13. h3 Rd8 14. Rxd8+ Qxd8 15. Nc3 Be6 16. Be3 Bc4 17. Qe1 Nb4 18. Rd1 Qe8 19. b3 Nc2 20. Qd2 Nxe3 21. Qxe3 Bxc3 22. Qxc3 Be2 23. Rd2 Bxf3 24. Bxf3 Rd8 25. e5 Rxd2 26. Qxd2 Qb8 27. Qd4 Qc7 28. Qe4 e6 29. Qxb7 Qc1+ 30. Kg2 Qa3 31. Bc6 Kf8 32. Qb8+ Kg7 33. Qd8 Qc5 34. Qf6+ Kg8 35. Be4 Qc7 36. Bf3 Qc2 37. h4 h5 38. Qg5 Qxa2 39. Bxh5 Qxb3 40. Bf3 Qd3 41. h5 Qf5 42. Qd8+ Kh7 43. hxg6+ Qxg6 44. Qc7 Nd5 45. Qxa7 Nf4+ 46. Kh2 Qh6+ 47. Kg1 Nh3+ 48. Kf1 Ng5 49. Bg2 Kg7 50. Qe3 Nh7 51. f4 Qh5 52. Qd3 Nf8 53. Kg1 Qg4 54. Be4 Nd7 55. Kg2 Nc5 56. Qf3 Qxf3+ 57. Kxf3 Nd7 58. Bc6 Nf8 59. Ke3 Ng6 60. Be4 Ne7 61. Kd4 Ng8 62. g4 f6 63. g5 f5 64. Bxf5 exf5 65. e6 Kf8 66. Ke5 Ne7 67. Kf6 Nd5+ 68. Kxf5 Ne7+ 69. Kf6 Nd5+ 70. Ke5 Ne7 71. f5 Nc6+ 72. Kd6 Ne7 73. f6 Ng6 74. Kd7 Ne5+ 75. Kd8 Nc6+ 76. Kc7 Ne7 77. Kd7 1-0

[Event "GRE-chT 45th"]
[Site "Achaia"]
[Date "2017.07.05"]
[Round "4.4"]
[White "Karousos Theodorakis, Nikolaos"]
[Black "Triantos, Konstantinos"]
[Result "1/2-1/2"]
[WhiteElo "2153"]
[BlackElo "2045"]
[PlyCount "54"]
[EventDate "2017.07.03"]
[EventType "team-swiss"]
[EventRounds "7"]
[EventCountry "GRE"]
[SourceTitle "CBM 179 Extra"]
[Source "ChessBase"]
[SourceDate "2017.08.23"]
[SourceVersion "1"]
[SourceVersionDate "2017.08.23"]
[SourceQuality "1"]
[WhiteTeam "Irakleiou Attikis"]
[BlackTeam "Heraklion CN"]
[WhiteTeamCountry "GRE"]
[BlackTeamCountry "GRE"]

1. e4 c5 2. Nf3 d6 3. Bb5+ Nd7 4. 0-0 a6 5. Bd3 Ngf6 6. Re1 e6 7. a4 b6 8. c3 Bb7 9. Bc2 c4 10. Qe2 Qc7 11. d4 cxd3 12. Qxd3 Be7 13. Nbd2 0-0 14. Nb3 e5 15. Bg5 h6 16. Bh4 Rfe8 17. Qe2 Bc6 18. Nbd2 Nc5 19. b4 Ne6 20. Bb3 b5 21. axb5 axb5 22. Bxf6 Bxf6 23. g3 Qb7 24. Qd3 Rad8 25. Qe3 Ra8 26. Qd3 Rad8 27. Qe3 Ra8 1/2-1/2